| 000 | 00640nam a22001937a 4500 | ||
|---|---|---|---|
| 999 |
_c18396 _d18396 |
||
| 008 | 200803b xxu||||| |||| 00| 0 eng d | ||
| 020 | _a 0130272760 | ||
| 050 |
_aQA76.9 _b.F67 2001 c.1 |
||
| 100 | _aFord, Warwick | ||
| 245 |
_aSecure Electronic Commerce _bBuilding the infrastructure for digital signatures and encryption _cWarwick Ford |
||
| 250 | _a2nd ed. | ||
| 260 |
_aUpper Saddle River _bPrentice Hall _c2001 |
||
| 300 | _axxv, 612p. | ||
| 650 | _aComputer security | ||
| 650 |
_aComputer networks _vsecurity measures |
||
| 650 |
_aBusiness communication _vsecurity measures |
||
| 700 | _aMichael s. Baum | ||
| 942 |
_2lcc _cBK |
||